000 00745nam a22002537a 4500
005 20170124110052.0
010 _aA-681964
020 _c0285631365
035 _aA-681964
037 _bCen Lib/Ret
040 _aDPL
_bEN
082 _a613
_bALM
100 _aAlman, Brian M.
_925599
245 _aSelf- hypnosis :
_cBy Brian M. Alaman [and] Peter T. Lambrou
_bcomplete manual for health and self chang /
250 _a2nd ed
260 _aNew York
_bSouvenir press
_c1994
270 _bNew York
300 _axvii,283p.
_c21cm(Hb)
500 _aIncludes index
650 _aSelf hypnosis
_925600
650 _aPosthypnotic
_925601
700 _aLambrou, Peter T.
_9102308
942 _2ddc
_cEN
_h613
_mALM
999 _c129161
_d129161